VCE Economics - Unit 1 AOS3 Quiz - Statistics

General Stats
  • This quiz has been taken 4 times
  • The average score is 9 of 12
Answer Stats
Hint Answer % Correct
What are the assumptions of behavourial economics? Bounded Rationality
100%
Bounded Self-Interest
100%
Bounded Willpower
100%
Anchoring
75%
What are the heuristics affecting consumer rationality?* Availability
75%
Overconfidence
75%
Present
75%
Vividness
75%
Framing
50%
Herd Behaviour
50%
Loss Aversion
50%
Status Quo
25%
No matching quizzes found
Score Distribution
Percent of People with Each Score
Percentile by Number Answered
Your Score History
You have not taken this quiz